|
|
|
|
| LEADER |
00000nam0a2200000 4500 |
| 001 |
228950 |
| 005 |
20240115150522.0 |
| 010 |
|
|
|a 9785438700500
|
| 035 |
|
|
|a (RuTPU)RU\TPU\book\249480
|
| 090 |
|
|
|a 228950
|
| 100 |
|
|
|a 20121224d2012 m y0rusy50 ca
|
| 101 |
0 |
|
|a rus
|
| 102 |
|
|
|a RU
|
| 105 |
|
|
|a a j 001zy
|
| 200 |
1 |
|
|a Определение химических загрязнений в биосфере
|e учебное пособие
|f Ю. Ю. Мирошниченко, Т. А. Юрмазова, Н. Б. Шахова
|g Национальный исследовательский Томский политехнический университет (ТПУ)
|
| 210 |
|
|
|a Томск
|c Изд-во ТПУ
|d 2012
|
| 215 |
|
|
|a 91 с.
|c ил.
|
| 320 |
|
|
|a Библиогр.: с. 88.
|
| 330 |
|
|
|a В пособии в краткой форме рассмотрены источники загрязнения биосферы и основные загрязнители - вредные вещества. Основное внимание уделено вопросам идентификации вещества. Приведены методики качественного и количественного анализа органических и неорганических веществ. Предназначено для студентов нехимических специальностей. Рекомендовано студентам направления 280700 «Техносферная безопасность».
|
| 606 |
1 |
|
|a Химический анализ
|2 stltpush
|3 (RuTPU)RU\TPU\subj\70293
|9 84646
|
| 610 |
1 |
|
|a биосфера
|
| 610 |
1 |
|
|a вредные вещества
|
| 610 |
1 |
|
|a химические загрязнения
|
| 610 |
1 |
|
|a качественный анализ
|
| 610 |
1 |
|
|a количественный анализ
|
| 610 |
1 |
|
|a лабораторные работы
|
| 610 |
1 |
|
|a учебные пособия
|
| 610 |
1 |
|
|a труды учёных ТПУ
|
| 675 |
|
|
|a 543(075.8)
|v 3
|
| 700 |
|
1 |
|a Мирошниченко
|b Ю. Ю.
|c химик
|c доцент Томского политехнического университета, кандидат химических наук
|f 1975-
|g Юлия Юрьевна
|3 (RuTPU)RU\TPU\pers\28567
|9 13386
|
| 701 |
|
1 |
|a Юрмазова
|b Т. А.
|c российский химик
|c доцент Томского политехнического университета, кандидат химических наук
|f 1950-
|g Татьяна Александровна
|3 (RuTPU)RU\TPU\pers\25658
|
| 701 |
|
1 |
|a Шахова
|b Н. Б.
|c химик
|c доцент Томского политехнического университета, кандидат химических наук
|f 1982-
|g Нина Борисовна
|3 (RuTPU)RU\TPU\pers\25653
|9 11564
|
| 712 |
0 |
2 |
|a Национальный исследовательский Томский политехнический университет (ТПУ)
|c (2009- )
|3 (RuTPU)RU\TPU\col\15902
|
| 801 |
|
1 |
|a RU
|b 63413507
|c 20121224
|
| 801 |
|
2 |
|a RU
|b 63413507
|c 20130109
|g RCR
|
| 942 |
|
|
|c BK
|